Представление документа в формате MARC21

ПолеНазваниеЗначение
  Тип записи a
  Библиографический уровень m
001 Контрольный номер RU\infra-m\znanium\bibl\2240370
005 Дата корректировки 20260429142239.7
008 Кодируемые данные 260126s2026 RU g rus u
020 Индекс ISBN __
a ISBN 978-5-16-019268-0
020 Индекс ISBN __
a ISBN 978-5-16-114654-5 (электр. издание)
040 Источник каталогиз. __
a Служба первич. каталог. Общество с ограниченной ответственностью «ЗНАНИУМ»
041 Код языка издания __
a Код языка текста rus
044 Код страны публикации __
a Код страны публикации RU
080 Индекс УДК __
a Индекс УДК 621.31(075.8)
084 Индекс другой классификации/Индекс ББК __
2 Источник индекса rubbk
a Индекс другой классификации/Индекс ББК 31.26я73
084 Индекс другой классификации/Индекс ББК __
2 Источник индекса okso
a Индекс другой классификации/Индекс ББК 13.03.02
084 Индекс другой классификации/Индекс ББК __
2 Источник индекса okso
a Индекс другой классификации/Индекс ББК 13.03.03
084 Индекс другой классификации/Индекс ББК __
2 Источник индекса okso
a Индекс другой классификации/Индекс ББК 13.04.02
100 Автор __
a Автор Коган Ф.Л.
q Полное имя Коган Феликс Лазаревич
245 Заглавие __
a Заглавие Развитие конструкций, параметры и режимы мощных турбогенераторов
b Продолж. заглавия Учебное пособие
250 Сведения об издании __
a Основные сведения об издании 1
260 Выходные данные __
a Место издания Москва
b Издательство ООО "Научно-издательский центр ИНФРА-М"
c Дата издания 2026
300 Физическое описание __
a Объем 325 с.
440 Серия __
a Серия Высшее образование
520 Аннотация __
a Аннотация В книге рассмотрено совершенствование конструкций отечественных турбогенераторов и влияние их параметров на надежность работы энергосистемы; проанализированы особенности аномальных режимов пределы их допустимости для турбогенераторов и опасность недостаточного учета этих пределов при управлении режимом энергосистемы; рассмотрены особенности моделирования паровых турбин и турбогенераторов. Соответствует требованиям Федерального государственного образовательного стандарта высшего образования последнего поколения. Книга рекомендуется в качестве учебного пособия для студентов старших курсов вузов (магистров и бакалавров) обучающихся по направлению «Электроэнергетика и электротехника» и для учебных заведений среднего профессионального образования. Рекомендуется также инженерно-техническим работникам электростанций и энергосистем и специалистам занимающимся разработкой и испытаниями турбогенераторов.
521 Примеч. о цел. назн. __
a Примеч. о целев. назн. ВО - Бакалавриат
650 Тематические рубрики __
a Основная рубрика Промышленность. Энергетика
x Основная подрубрика Электроэнергетика. Электротехника
655 Указ. предметных рубрик (устаревшее) __
a Жанр/ форма (устаревшее) Учебное пособие
856 Электронный адрес документа 4_
a Имя сервера/домена znanium.ru
m Помощь ebs_support@infra-m.ru
n Местонахождение сервера НИЦ ИНФРА-М
u URL https://znanium.ru/catalog/document?id=477241
856 Электронный адрес документа 48
a Имя сервера/домена znanium.ru
d Путь /cover/2240
f Электронное имя 2240370.jpg
q Тип электронного формата image/jpeg
u URL https://znanium.ru/cover/2240/2240370.jpg
911 __
u 0030=https://znanium.ru/catalog/document?id=477241